Countries Closest to Cairo - Statistics

General Stats
  • This quiz has been taken 136 times
  • The average score is 19 of 21
Answer Stats
Distance (km) Distance (mi) Country % Correct
317 197 Israel
99%
605 376 Libya
99%
365 227 Jordan
98%
367 228 Saudi Arabia
98%
867 539 Sudan
98%
678 421 Turkey
98%
0 0 Egypt
97%
499 310 Lebanon
97%
707 439 Greece
96%
525 (511) 326 (318) Syria
95%
528 328 Cyprus
94%
786 488 Iraq
94%
1,480 920 Iran
92%
1,463 909 Albania
84%
1,526 948 Eritrea
84%
526 327 United Kingdom / Akrotiri
83%
1,378 856 Chad
82%
1,487 924 Kuwait
82%
1,353 841 Bulgaria
81%
1,452 902 North Macedonia
78%
319* 198* Palestine
73%
No matching quizzes found
Score Distribution
Percent of People with Each Score
Percentile by Number Answered
Your Score History
You have not taken this quiz